000
00309nam a2200121Ia 4500
008
190216s9999||||xx |||||||||||||| ||und||
100
_a
Rajendran N
245
0
_a
Establishment Of British Power In Malabar
260
_b
"Chugh Publications, India"
_c
1979
300
_a
292p
650
_a
History
942
_c
REF
999
_c
35956
_d
35956